| 000 | 00545nam a22001577a 4500 | ||
|---|---|---|---|
| 999 |
_c534863 _d534863 |
||
| 020 | _qHard Cover. | ||
| 082 | _a621.3678 | ||
| 100 | _aHafiz Muhammd Muzaffar. | ||
| 245 |
_aQuality Assessment of Volunteered Geographic Information for Educational Planning / _cHafiz Muhammd Muzaffar. |
||
| 260 |
_aIslamabad : _bIGIS - NUST, _c2017. |
||
| 300 |
_aix, 50 p. : ill. ; _c30cm. |
||
| 942 |
_2ddc _cTHE |
||
| 650 |
_aMS Thesis Remote Sensing and GIS _929221 |
||
| 700 |
_aDr. Ali Tahir _916195 |
||